000 00493cam a22002051 4500
001 280772
005 20180201041958.0
008 711020s1966 cau 000 0 eng
010 _a 66019108
040 _aDLC
_cDLC
_dDLC
041 _aeng
043 _an-us---
080 _a301
082 0 0 _a301 MIL
100 1 _a19
101 _aSHP
245 1 0 _aPoverty American style,
_cedited by Herman P. Miller.
906 _a7
_bcbc
_corignew
_du
_eocip
_f19
_gy-gencatlg
942 _2ddc
_cBK
999 _c41485
_d41485